L'histoire en date #1 - Statistiques

Statistiques générales
  • Ce quiz a été pris 79 fois
  • Le résultat moyen est 4 sur 13
Statistiques - réponses
Evènement Réponse % Correct
Première année après Jésus Christ 1
100%
Sacre de Charlemagne 800
74%
Mort de Jésus Christ 33
50%
Chute de l’Empire romain d’occident 476
45%
Première Croisade 1096
26%
Destruction de Pompei 79
24%
Prise de Jérusalem par les croisés 1099
21%
Sacre de Clovis 481
20%
Edit de Constantin autorisant la religion chrétienne 313
12%
Incendie de Rome 64
12%
Partage de l’Empire, Empire romain d’occident et Empire romain d’orient 395
11%
Pépin le Bref est sacré 751
7%
Couronnement de Philipe Ier (roi des francs) 1059
0%
Aucun quiz correspondant
Distribution des résultats
% des personnes avec chaque résultat
Percentile par nombre de réponses
Votre historique - résultats
Vous n’avez pas pris ce quiz